Greek is great gain : (Record no. 53105)
[ view plain ]
| 000 -LEADER | |
|---|---|
| fixed length control field | 00977cam a2200313Ia 4500 |
| 001 - CONTROL NUMBER | |
| control field | 232301800 |
| 003 - CONTROL NUMBER IDENTIFIER | |
| control field | OCoLC |
| 005 - DATE AND TIME OF LATEST TRANSACTION | |
| control field | 20240715151952.0 |
| 008 - FIXED-LENGTH DATA ELEMENTS--GENERAL INFORMATION | |
| fixed length control field | 080618s2008 oru b 001 0 eng d |
| 020 ## - INTERNATIONAL STANDARD BOOK NUMBER | |
| International Standard Book Number | 1556353456 |
| 020 ## - INTERNATIONAL STANDARD BOOK NUMBER | |
| International Standard Book Number | 9781556353451 |
| 035 ## - SYSTEM CONTROL NUMBER | |
| System control number | (OCoLC)232301800 |
| 040 ## - CATALOGING SOURCE | |
| Original cataloging agency | SBI |
| Transcribing agency | SBI |
| Modifying agency | BTCTA |
| -- | EXN |
| 049 ## - LOCAL HOLDINGS (OCLC) | |
| Holding library | EXNW |
| 100 1# - MAIN ENTRY--PERSONAL NAME | |
| Personal name | Larkin, William J. |
| 245 10 - TITLE STATEMENT | |
| Title | Greek is great gain : |
| Remainder of title | a method for exegesis and exposition / |
| Statement of responsibility, etc | William J. Larkin, foreword by Andres J. Köstenberger. |
| 260 ## - PUBLICATION, DISTRIBUTION, ETC. (IMPRINT) | |
| Place of publication, distribution, etc | Eugene, OR : |
| Name of publisher, distributor, etc | Wipf and Stock, |
| Date of publication, distribution, etc | c2008. |
| 300 ## - PHYSICAL DESCRIPTION | |
| Extent | 352 p : |
| Other physical details | ill. ; |
| Dimensions | 23 cm. |
| 336 ## - CONTENT TYPE | |
| Content Type Term | text |
| 337 ## - MEDIA TYPE | |
| Media Type Term | unmediated |
| 338 ## - CARRIER TYPE | |
| Carrier Type Term | volume |
| 500 ## - GENERAL NOTE | |
| General note | Includes indexes. |
| 504 ## - BIBLIOGRAPHY, ETC. NOTE | |
| Bibliography, etc | Bibliography: p. 337-352. |
| 610 20 - SUBJECT ADDED ENTRY--CORPORATE NAME | |
| Corporate name or jurisdiction name as entry element | Columbia International University |
| General subdivision | Faculty. |
| 650 #0 - SUBJECT ADDED ENTRY--TOPICAL TERM | |
| Topical term or geographic name as entry element | Greek language, Biblical |
| General subdivision | Grammar. |
| 650 #0 - SUBJECT ADDED ENTRY--TOPICAL TERM | |
| Topical term or geographic name as entry element | Greek language, Biblical |
| General subdivision | Syntax. |
| 650 #0 - SUBJECT ADDED ENTRY--TOPICAL TERM | |
| Topical term or geographic name as entry element | Greek language, Biblical |
| General subdivision | Translating. |
| 942 ## - ADDED ENTRY ELEMENTS (KOHA) | |
| Source of classification or shelving scheme | Library of Congress Classification |
| Item type | Books |
| Withdrawn status | Lost status | Source of classification or shelving scheme | Damaged status | Not for loan | Home library | Current library | Shelving location | Date acquired | Inventory number | Total Checkouts | Full call number | Barcode | Date last seen | Price effective from | Koha item type |
|---|---|---|---|---|---|---|---|---|---|---|---|---|---|---|---|
| Library of Congress Classification | BSOP Library | BSOP Library | Reference | 07/15/2024 | 48612 | PA817 L32 2008 | 00058484 | 07/15/2024 | 07/15/2024 | Books |
